تحميل...
The Compostion and Distribution of Meiofauna in Tropical Estuary, India
| المؤلف الرئيسي: | |
|---|---|
| اللغة: | English |
| منشور في: |
Kochi
Department of MarineBiology, Micro Biology and Biochemistry
2010
|
| LEADER | 00504nam a22001337a 4500 | ||
|---|---|---|---|
| 005 | 20151028162428.0 | ||
| 008 | 100618t xxu||||| |||| 00| 0 eng d | ||
| 082 | |b D314 | ||
| 100 | |a Minu R.L. |9 30112 | ||
| 245 | |a The Compostion and Distribution of Meiofauna in Tropical Estuary, India | ||
| 260 | |a Kochi |b Department of MarineBiology, Micro Biology and Biochemistry |c 2010 | ||
| 942 | |c DS |6 _ | ||
| 999 | |c 81778 |d 81778 | ||
| 952 | |0 0 |1 0 |2 ddc |4 0 |6 D314_ |7 0 |9 95960 |a SOS |b SOS |d 2010-06-18 |o D314 |p MS00D314 |r 2010-06-18 |w 2010-06-18 |y DS | ||